| 000 | 00548nam a22001697a 4500 | ||
|---|---|---|---|
| 008 | 230331b |||||||| |||| 00| 0 eng d | ||
| 040 |
_aNational Science Library _cNational Science Library |
||
| 080 |
_aD 681.327.02 _bN1 |
||
| 100 | _aDasgupta, Subrata | ||
| 245 |
_aDesign theory and computer science _cProcesses and methodology of computer design |
||
| 260 |
_aNew York: _bCambridge University Press, _c1991 |
||
| 300 | _a428p. | ||
| 650 | _aInformation technology | ||
| 653 | _aMicroprocessor | ||
| 653 | _aMicrocomputer | ||
| 942 |
_2udc _cBK |
||
| 999 |
_c17100 _d17100 |
||